The legitimation of a revolution : the Yugoslav case /

Bibliographic Details
Main Author: Denitch, Bogdan Denis
Format: Book
Language:English
Published: New Haven : Yale University Press, 1976.
Subjects:

MARC

Tag First Indicator Second Indicator Subfields
LEADER 00000cam a2200000 i 4500
001 in00000608403
005 20151014155240.0
008 760503s1976 ctu b 00110 eng
010 |a  75018170  
020 |a 0300019068 
035 |a (OCoLC)02152846 
035 |9 ACR8454AM 
040 |a AAA  |c AAA  |d OCL  |d TXA  |d UtOrBLW 
049 |a TXAM  |c [1107887] 
050 0 0 |a HN632.5  |b .D46 
100 1 |a Denitch, Bogdan Denis. 
245 1 4 |a The legitimation of a revolution :  |b the Yugoslav case /  |c Bogdan Denis Denitch. 
264 1 |a New Haven :  |b Yale University Press,  |c 1976. 
300 |a xi, 254 pages ;  |c 22 cm. 
336 |a text  |b txt  |2 rdacontent 
337 |a unmediated  |b n  |2 rdamedia 
338 |a volume  |b nc  |2 rdacarrier 
500 |a Includes index. 
504 |a Bibliography: pages 233-245. 
650 0 |a Communism  |z Yugoslavia. 
651 0 |a Yugoslavia  |x Social conditions. 
651 0 |a Yugoslavia  |x Politics and government  |y 1945-1980. 
999 |a MARS 
999 f f |s 10847184-432c-3c30-9fb7-3d2386516183  |i 9182cc41-edb2-3dc8-a1f1-dff8d8b98889  |t 0 
952 f f |p ric  |a Texas A&M University  |b Rellis Campus  |c Joint Library Facility  |d Remote Storage  |t 0  |e HN632.5 .D46  |h Library of Congress classification  |i unmediated -- volume  |m A14802945122 
998 f f |a HN632.5 .D46  |t 0  |l Remote Storage